'C' Countries Quiz Stats

 Plays Quiz Updated Sep 24, 2018

Score 0/16 Timer 04:00
27 Plays Today
Country % Correct
Canada
93.3%
China
88.1%
Chile
85%
Cambodia
81%
Colombia
79.6%
Czechia
78.8%
Chad
78.1%
Cameroon
77.7%
Country % Correct
Croatia
74.7%
Cuba
73.6%
Costa Rica
67.4%
Cyprus
67%
Comoros
63.3%
Central African Republic
60.6%
Cabo Verde
52.6%
Cote d'Ivoire
50.7%

You're not logged in!

Compare scores with friends on all Sporcle quizzes.
OR
Log In

Sporcle TV

Today on Sporcle TV


Watch our educational content, quiz creation guides, and fun videos on Sporcle TV.

Show Comments

Extras

Top Quizzes Today


Score Distribution

Your Account Isn't Verified!

In order to create a playlist on Sporcle, you need to verify the email address you used during registration. Go to your Sporcle Settings to finish the process.

Report this User

Report this user for behavior that violates our Community Guidelines.

Details: